Statistics for Random European Countries on a Map

Click here to take the quiz!

General Stats

  • This quiz has been taken 216,087 times
  • The average score is 13 of 15

Answers on the Map

Answers color-coded by a green-red scale on the quiz's map according to % correct below.
 

Answer Stats

Country% Correct
France
99%
Italy
99%
United Kingdom
99%
Germany
98%
Ireland
98%
Norway
98%
Spain
98%
Sweden
98%
Finland
97%
Portugal
97%
Russia
97%
Poland
96%
Denmark
95%
Greece
95%
Ukraine
95%
Belgium
94%
Iceland
94%
Netherlands
94%
Switzerland
92%
Austria
91%
Estonia
91%
Belarus
90%
Latvia
90%
Vatican City
90%
Croatia
89%
Romania
89%
Andorra
88%
Lithuania
88%
Luxembourg
88%
Czech Republic
85%
Malta
85%
Hungary
84%
Monaco
84%
San Marino
84%
Serbia
84%
Slovakia
84%
Albania
83%
Bosnia and Herzegovina
83%
Bulgaria
83%
Slovenia
83%
Kosovo
81%
Liechtenstein
81%
Moldova
81%
North Macedonia
81%
Montenegro
78%

Score Distribution

Percentile by Number Answered

Percent of People with Each Score

Your Score History

You have not taken this quiz